00482 2200205 4500001002100000008004100021035002000062245003700082100001800119250000600137260003800143300001100181084001400192082000800206650001400214990001200228990001200240990001200252990001200264INLIS000000000000428 ind  a0010-0424000404 aSejarah RadiocEgha W. Z Prayoga aPrayoga, Egha a1 aMakasar :bCitra Adi Bangsac2010 a60 hlm a620 EGH s a620 aNon Fiksi a0722516 a0722517 a0722518 a0722519